000 006460000a22001930004500
003 LK-CoMWRAF
005 20230829094427.0
008 230817t1981 ||||| |||| 00| 0 eng d
040 _aLK-CoMWRAF
_dLK-CoMWRAF
_eLK-CoMWRAF
041 _aeng
082 _a342.5493
_bZAF
100 _aZafrullah, H.M.
245 _aSri Lanka's Hybrid Presidential and Parliamentary System & the Separation of Powers Doctrine
260 _aKuala Lumpur:
_bUniversity of Malaya Press,
_c1981
300 _axxii, 140 p. ; 22 cm.
_bBibliography and index included
650 _aSEPERATION OF POWERS-SRI LANKA
650 _aCONSITUTIONAL HISTORY-SRI LANKA
942 _cBK
999 _c14
_d14